| 000 | 00530nam a22002177a 4500 | ||
|---|---|---|---|
| 003 | UA-OsUOA | ||
| 001 | 53476 | ||
| 007 | ta | ||
| 008 | 20080403b un ||||| |||| 00| 0 ukr d | ||
| 100 | _aБронте Шарлотта | ||
| 090 |
_a82 _bБ-12 |
||
| 942 | _cSA | ||
| 040 |
_aUA-OsUOA _brus _cUA-OsUOA _dUA-OsUOA |
||
| 245 | _aГородок/Роман | ||
| 300 | _aС.1-80 | ||
| 955 | _a0 | ||
| 041 | _arus | ||
| 080 | _a82 | ||
| 773 | 0 | _w53475 | |
| 650 | 7 |
_a82 Література. Літературознавство _2UDC |
|
| 999 |
_c339562 _d339562 |
||